000 00731nam a2200277Ia 4500
003 OSt
005 20220912150108.0
006 a|||||r|||| 00| 0
007 ta
008 220909b |||||||| |||| 00| 0 eng d
024 _a2540
037 _cTextual
040 _aCSL
_beng
_cCSL
041 _aeng
082 _aD65,8(B)921WP, N1 CR
100 _aSimpson Alan
245 0 _aMastering word perfect 5.1
260 _aNew Delhi
_b BPS Pub
_c1991
300 _axxxix,1044p
500 _aOnly computer room copy
650 _a Programs
650 _a Word Perfect
650 _aComputer Science
942 _hD65,8(B)921WP, N1 CR
_cTEXL
_2CC
999 _c39495
_d39495